000
00312nam a2200121Ia 4500
008
191201s2012 xx 000 0 und d
100
_a
NAG, Amitava
245
0
_a
Data Structures and Algorithms using
250
_a
2nd
260
_c
2012
_b
Vikas Publication House
_a
NEW DELHI
300
_a
456
942
_2
ddc
_c
BK
_0
9
999
_c
7826
_d
7826